<?xml version="1.0" encoding="UTF-8"?>
<record
    xmlns:xsi="http://www.w3.org/2001/XMLSchema-instance"
    xsi:schemaLocation="http://www.loc.gov/MARC21/slim http://www.loc.gov/standards/marcxml/schema/MARC21slim.xsd"
    xmlns="http://www.loc.gov/MARC21/slim">

  <leader>01950nam a22002777a 4500</leader>
  <controlfield tag="003">NALT</controlfield>
  <controlfield tag="005">20250307151505.0</controlfield>
  <controlfield tag="008">      s2556    th                  tha d</controlfield>
  <datafield tag="020" ind1=" " ind2=" ">
    <subfield code="a">9786163218278</subfield>
  </datafield>
  <datafield tag="040" ind1=" " ind2=" ">
    <subfield code="a">NALT</subfield>
  </datafield>
  <datafield tag="041" ind1=" " ind2=" ">
    <subfield code="a">tha</subfield>
  </datafield>
  <datafield tag="050" ind1=" " ind2=" ">
    <subfield code="a">DS 525.8 </subfield>
    <subfield code="b">&#xE01;968&#xE2D; 2556</subfield>
  </datafield>
  <datafield tag="100" ind1="0" ind2=" ">
    <subfield code="a">&#xE42;&#xE01;&#xE2A;&#xE38;&#xE21;&#xE20;&#xE4C; &#xE2A;&#xE32;&#xE22;&#xE08;&#xE31;&#xE19;&#xE17;&#xE23;&#xE4C;</subfield>
    <subfield code="9">31274</subfield>
  </datafield>
  <datafield tag="245" ind1="1" ind2="0">
    <subfield code="a">&#xE2D;&#xE19;&#xE38;&#xE20;&#xE39;&#xE21;&#xE34;&#xE20;&#xE32;&#xE04;&#xE25;&#xE38;&#xE48;&#xE21;&#xE41;&#xE21;&#xE48;&#xE19;&#xE49;&#xE33;&#xE42;&#xE02;&#xE07;&#xE43;&#xE19;&#xE04;&#xE27;&#xE32;&#xE21;&#xE2A;&#xE31;&#xE21;&#xE1E;&#xE31;&#xE19;&#xE18;&#xE4C;&#xE23;&#xE30;&#xE2B;&#xE27;&#xE48;&#xE32;&#xE07;&#xE1B;&#xE23;&#xE30;&#xE40;&#xE17;&#xE28; /</subfield>
    <subfield code="c">&#xE42;&#xE01;&#xE2A;&#xE38;&#xE21;&#xE20;&#xE4C; &#xE2A;&#xE32;&#xE22;&#xE08;&#xE31;&#xE19;&#xE17;&#xE23;&#xE4C;.</subfield>
  </datafield>
  <datafield tag="260" ind1=" " ind2=" ">
    <subfield code="a">&#xE40;&#xE0A;&#xE35;&#xE22;&#xE07;&#xE43;&#xE2B;&#xE21;&#xE48; : </subfield>
    <subfield code="b">&#xE2A;&#xE33;&#xE19;&#xE31;&#xE01;&#xE27;&#xE34;&#xE0A;&#xE32;&#xE01;&#xE32;&#xE23;&#xE23;&#xE30;&#xE2B;&#xE27;&#xE48;&#xE32;&#xE07;&#xE1B;&#xE23;&#xE30;&#xE40;&#xE17;&#xE28; &#xE04;&#xE13;&#xE30;&#xE23;&#xE31;&#xE10;&#xE28;&#xE32;&#xE2A;&#xE15;&#xE23;&#xE4C;&#xE41;&#xE25;&#xE30;&#xE23;&#xE31;&#xE10;&#xE1B;&#xE23;&#xE30;&#xE28;&#xE32;&#xE2A;&#xE19;&#xE28;&#xE32;&#xE2A;&#xE15;&#xE23;&#xE4C; &#xE21;&#xE2B;&#xE32;&#xE27;&#xE34;&#xE17;&#xE22;&#xE32;&#xE25;&#xE31;&#xE22;&#xE40;&#xE0A;&#xE35;&#xE22;&#xE07;&#xE43;&#xE2B;&#xE21;&#xE48;, </subfield>
    <subfield code="c">2556.</subfield>
  </datafield>
  <datafield tag="300" ind1=" " ind2=" ">
    <subfield code="a">335 &#xE2B;&#xE19;&#xE49;&#xE32; :</subfield>
    <subfield code="b">&#xE20;&#xE32;&#xE1E;&#xE1B;&#xE23;&#xE30;&#xE01;&#xE2D;&#xE1A; ;</subfield>
    <subfield code="c">23 &#xE0B;&#xE21;.</subfield>
  </datafield>
  <datafield tag="651" ind1=" " ind2="4">
    <subfield code="9">34965</subfield>
    <subfield code="a">&#xE20;&#xE39;&#xE21;&#xE34;&#xE20;&#xE32;&#xE04;&#xE25;&#xE38;&#xE48;&#xE21;&#xE41;&#xE21;&#xE48;&#xE19;&#xE49;&#xE33;&#xE42;&#xE02;&#xE07;</subfield>
    <subfield code="x">&#xE01;&#xE32;&#xE23;&#xE40;&#xE21;&#xE37;&#xE2D;&#xE07;&#xE41;&#xE25;&#xE30;&#xE01;&#xE32;&#xE23;&#xE1B;&#xE01;&#xE04;&#xE23;&#xE2D;&#xE07;</subfield>
  </datafield>
  <datafield tag="651" ind1=" " ind2="4">
    <subfield code="a">&#xE20;&#xE39;&#xE21;&#xE34;&#xE20;&#xE32;&#xE04;&#xE25;&#xE38;&#xE48;&#xE21;&#xE41;&#xE21;&#xE48;&#xE19;&#xE49;&#xE33;&#xE42;&#xE02;&#xE07;</subfield>
    <subfield code="x">&#xE04;&#xE27;&#xE32;&#xE21;&#xE2A;&#xE31;&#xE21;&#xE1E;&#xE31;&#xE19;&#xE18;&#xE4C;&#xE01;&#xE31;&#xE1A;&#xE15;&#xE48;&#xE32;&#xE07;&#xE1B;&#xE23;&#xE30;&#xE40;&#xE17;&#xE28;</subfield>
    <subfield code="9">34966</subfield>
  </datafield>
  <datafield tag="651" ind1=" " ind2="4">
    <subfield code="a">&#xE20;&#xE39;&#xE21;&#xE34;&#xE20;&#xE32;&#xE04;&#xE25;&#xE38;&#xE48;&#xE21;&#xE41;&#xE21;&#xE48;&#xE19;&#xE49;&#xE33;&#xE42;&#xE02;&#xE07;</subfield>
    <subfield code="x">&#xE20;&#xE32;&#xE27;&#xE30;&#xE40;&#xE28;&#xE23;&#xE29;&#xE10;&#xE01;&#xE34;&#xE08;</subfield>
    <subfield code="9">34968</subfield>
  </datafield>
  <datafield tag="651" ind1=" " ind2="4">
    <subfield code="a">&#xE40;&#xE2D;&#xE40;&#xE0A;&#xE35;&#xE22;&#xE15;&#xE30;&#xE27;&#xE31;&#xE19;&#xE2D;&#xE2D;&#xE01;&#xE40;&#xE09;&#xE35;&#xE22;&#xE07;&#xE43;&#xE15;&#xE49; </subfield>
    <subfield code="x">&#xE04;&#xE27;&#xE32;&#xE21;&#xE2A;&#xE31;&#xE21;&#xE1E;&#xE31;&#xE19;&#xE18;&#xE4C;&#xE01;&#xE31;&#xE1A;&#xE15;&#xE48;&#xE32;&#xE07;&#xE1B;&#xE23;&#xE30;&#xE40;&#xE17;&#xE28;</subfield>
    <subfield code="9">16606</subfield>
  </datafield>
  <datafield tag="651" ind1=" " ind2="4">
    <subfield code="a">&#xE40;&#xE2D;&#xE40;&#xE0A;&#xE35;&#xE22;&#xE15;&#xE30;&#xE27;&#xE31;&#xE19;&#xE2D;&#xE2D;&#xE01;&#xE40;&#xE09;&#xE35;&#xE22;&#xE07;&#xE43;&#xE15;&#xE49; </subfield>
    <subfield code="x">&#xE01;&#xE32;&#xE23;&#xE40;&#xE21;&#xE37;&#xE2D;&#xE07;&#xE41;&#xE25;&#xE30;&#xE01;&#xE32;&#xE23;&#xE1B;&#xE01;&#xE04;&#xE23;&#xE2D;&#xE07;</subfield>
    <subfield code="9">18364</subfield>
  </datafield>
  <datafield tag="651" ind1=" " ind2="4">
    <subfield code="a">&#xE1E;&#xE21;&#xE48;&#xE32;</subfield>
    <subfield code="x">&#xE01;&#xE32;&#xE23;&#xE40;&#xE21;&#xE37;&#xE2D;&#xE07;&#xE41;&#xE25;&#xE30;&#xE01;&#xE32;&#xE23;&#xE1B;&#xE01;&#xE04;&#xE23;&#xE2D;&#xE07;</subfield>
    <subfield code="9">14815</subfield>
  </datafield>
  <datafield tag="651" ind1=" " ind2="4">
    <subfield code="a"> &#xE40;&#xE2D;&#xE40;&#xE0A;&#xE35;&#xE22;&#xE15;&#xE30;&#xE27;&#xE31;&#xE19;&#xE2D;&#xE2D;&#xE01;&#xE40;&#xE09;&#xE35;&#xE22;&#xE07;&#xE43;&#xE15;&#xE49;</subfield>
    <subfield code="x">&#xE20;&#xE32;&#xE27;&#xE30;&#xE40;&#xE28;&#xE23;&#xE29;&#xE10;&#xE01;&#xE34;&#xE08; </subfield>
    <subfield code="9">34969</subfield>
  </datafield>
  <datafield tag="850" ind1=" " ind2=" ">
    <subfield code="a">NALT</subfield>
  </datafield>
  <datafield tag="942" ind1=" " ind2=" ">
    <subfield code="c">GB</subfield>
    <subfield code="2">lcc</subfield>
  </datafield>
  <datafield tag="999" ind1=" " ind2=" ">
    <subfield code="c">73883</subfield>
    <subfield code="d">73883</subfield>
  </datafield>
  <datafield tag="998" ind1=" " ind2=" ">
    <subfield code="j">104</subfield>
    <subfield code="k"> &#xE19;&#xE32;&#xE07;&#xE2A;&#xE32;&#xE27;&#xE2A;&#xE32;&#xE22;&#xE1D;&#xE19;  &#xE14;&#xE35;&#xE07;&#xE32;&#xE21;</subfield>
  </datafield>
  <datafield tag="952" ind1=" " ind2=" ">
    <subfield code="0">0</subfield>
    <subfield code="1">0</subfield>
    <subfield code="2">lcc</subfield>
    <subfield code="4">0</subfield>
    <subfield code="7">0</subfield>
    <subfield code="8">CASEAN</subfield>
    <subfield code="a">NALT</subfield>
    <subfield code="b">NALT</subfield>
    <subfield code="c">ASEAN</subfield>
    <subfield code="d">2023-05-26</subfield>
    <subfield code="e">&#xE1A;&#xE23;&#xE34;&#xE08;&#xE32;&#xE04;</subfield>
    <subfield code="l">2</subfield>
    <subfield code="m">1</subfield>
    <subfield code="o">ASEAN DS 525.8 &#xE01;968&#xE2D; 2556</subfield>
    <subfield code="p">3961200443</subfield>
    <subfield code="r">2023-06-09 00:00:00</subfield>
    <subfield code="s">2023-05-26</subfield>
    <subfield code="w">2017-06-09</subfield>
    <subfield code="y">GB</subfield>
  </datafield>
  <datafield tag="952" ind1=" " ind2=" ">
    <subfield code="0">0</subfield>
    <subfield code="1">0</subfield>
    <subfield code="2">lcc</subfield>
    <subfield code="4">0</subfield>
    <subfield code="7">0</subfield>
    <subfield code="8">CSEN</subfield>
    <subfield code="a">NALT</subfield>
    <subfield code="b">NALT</subfield>
    <subfield code="c">ASEAN</subfield>
    <subfield code="d">2022-01-26</subfield>
    <subfield code="o">ASEAN DS 525.8 &#xE01;968&#xE2D; 2556</subfield>
    <subfield code="p">0100006151001</subfield>
    <subfield code="r">2022-12-23 00:00:00</subfield>
    <subfield code="w">2022-01-26</subfield>
    <subfield code="y">GB</subfield>
  </datafield>
</record>
